| 000 | 00574nam a22001937a 4500 | ||
|---|---|---|---|
| 999 |
_c173429 _d173429 |
||
| 005 | 20200224172130.0 | ||
| 010 | _aENG-127944 | ||
| 020 |
_a9788188995424 _c695.00 |
||
| 035 | _aEN-111476 | ||
| 037 | _bDBAD/PUB | ||
| 082 | _a658.110954 | ||
| 100 | _aAsha Kiran | ||
| 245 |
_aStart up India/ _cby Asha Kiran |
||
| 260 |
_aNew Delhi _bGyandeep Prakashan _c2019 |
||
| 270 |
_a689/3, Mehrauli, Near Roopanwala kuan _bNew Delhi _e110030 |
||
| 300 |
_avii;192p. _c23cm(hb) |
||
| 500 | _aIncludes Bibliography and Index | ||
| 942 |
_2ddc _cEN _h658.110954 _mASH |
||